000 00597nam a2200193Ia 4500
003 OSt
005 20260320115256.0
008 220923b |||||||| |||| 00| 0 eng d
037 _cGeneral Book
040 _aRTL
_cRTL
_beng
041 _2eng
_aeng
084 _aX9(J94).235H.N9 N2/TD
_qRTL
100 _aAttwood, Donald W.
_9350705
245 0 _aRaising cane: The political economy of sugar in Western India
_b
260 _c1992
300 _a366p.
_binculed biblograpical refrence an index
942 _hX9(J94).235H.N9 N2/TD
_cTB
_2CC
999 _c678820
_d678820